Online
Catalog

Tabaré (poema) ; y la leyenda patria / (Record no. 1079)

MARC details
000 -CABECERA
campo de control de longitud fija 00763cam a2200229 a 4500
001 - NÚMERO DE CONTROL
campo de control 000001122
005 - FECHA Y HORA DE LA ÚLTIMA TRANSACCIÓN
campo de control 20200929145501.0
008 - DATOS DE LONGITUD FIJA--INFORMACIÓN GENERAL
campo de control de longitud fija 870406 19uu sp 000 p spa d
040 ## - FUENTE DE LA CATALOGACIÓN
Centro catalogador/agencia de origen DO-SdBNP
Lengua de catalogación spa
Centro/agencia transcriptor BNPHU
082 ## - NÚMERO DE LA CLASIFICACIÓN DECIMAL DEWEY
Número de clasificación U861.3
Número de documento/Ítem Z88t
100 1# - ENTRADA PRINCIPAL--NOMBRE DE PERSONA
Nombre de persona Zorrilla de San Martín, Juan,
Fechas asociadas al nombre 1855-1931
9 (RLIN) 3845
245 10 - MENCIÓN DE TÍTULO
Título Tabaré (poema) ; y la leyenda patria /
Mención de responsabilidad, etc. Juan Zorrilla de San Martín ; prólogo de Juan De Dios Peza.
260 ## - PUBLICACIÓN, DISTRIBUCIÓN, ETC.
Lugar de publicación, distribución, etc. Barcelona :
Nombre del editor, distribuidor, etc. B. Bauza,
Fecha de publicación, distribución, etc. [19??].
300 ## - DESCRIPCIÓN FÍSICA
Extensión 248 p. ;
Dimensiones 19 cm.
490 1# - MENCIÓN DE SERIE
Mención de serie Apolo
500 ## - NOTA GENERAL
Nota general Contiene notas marginales aclaratorias
650 #4 - PUNTO DE ACCESO ADICIONAL DE MATERIA--TÉRMINO DE MATERIA
Término de materia o nombre geográfico como elemento de entrada Poesía uruguaya
9 (RLIN) 3846
650 #4 - PUNTO DE ACCESO ADICIONAL DE MATERIA--TÉRMINO DE MATERIA
Término de materia o nombre geográfico como elemento de entrada Literatura uruguaya
9 (RLIN) 3054
700 1# - PUNTO DE ACCESO ADICIONAL--NOMBRE DE PERSONA
Nombre de persona Peza, Juan De Dios,
Término indicativo de función/relación pról.
9 (RLIN) 3847
730 32 - PUNTO DE ACCESO ADICIONAL--TÍTULO UNIFORME
Título uniforme La leyenda patria
9 (RLIN) 3848
830 #0 - PUNTO DE ACCESO ADICIONAL DE SERIE-TÍTULO UNIFORME
Título uniforme Apolo
9 (RLIN) 3849
Holdings
Estado de retiro Estado de pérdida Restricciones de uso No para préstamo Código de colección Localización permanente Ubicación/localización actual Ubicación en estantería Fecha de adquisición Número de inventario Total de préstamos Signatura topográfica completa Código de barras Fecha visto por última vez Precio válido a partir de Tipo de ítem Koha
      Préstamo en sala Dominicana de Servicio Biblioteca Nacional Pedro Henríquez Ureña Biblioteca Nacional Pedro Henríquez Ureña Depósito 03.09.2009 LF1   U861.3 Z88t 1122-10 25.06.2020 25.06.2020 Libros y folletos

Powered by Koha